| 000 | 00782nam a2200253 a 4500 | ||
|---|---|---|---|
| 001 | 24519 | ||
| 003 | CO-ViMGA | ||
| 008 | 141112s2004 ck r 000 u spa d | ||
| 015 | _ack - 2011 - xxxx | ||
| 020 | _a9789586231183 | ||
| 040 |
_aCO-ViMGA _bspa _cCO-ViMGA |
||
| 041 | _aspa | ||
| 082 | 0 | 4 | _aCo863.4 T444 |
| 245 | 1 | 0 |
_aTiki, tiki, tai : _barrullos, secretos y relatos de los Rrom colombianos |
| 250 | _a1a. ed. | ||
| 260 |
_aBogotá : _bICBF, _c2011 |
||
| 300 | _a[64] p. : il. ; 18 cm. | ||
| 521 | _aTexto en español y Rromanés o shib Rromaní | ||
| 598 | _aNEW - GRAL | ||
| 650 | 1 | 4 |
_aCuentos infantiles colombianos _92369 |
| 650 | 1 | 4 |
_aRrom - Gitanos - Costumbres y tradiciones _936459 |
| 942 |
_2ddc _cBK |
||
| 990 | _aICBF 2 ejemplares 21 06/01/2012 n a801377 | ||
| 999 |
_c32348 _d32348 |
||